Physiology and biochemistry of algae
Saved in:
| Hovedforfatter: | |
|---|---|
| Format: | Bog |
| Sprog: | engelsk |
| Udgivet: |
New York, USA
Academic Press
1962
|
| Fag: | |
| Tags: |
Tilføj Tag
Ingen Tags, Vær først til at tagge denne postø!
|
MARC
| LEADER | 00000nam a2200000 a 4500 | ||
|---|---|---|---|
| 001 | UCV5099 | ||
| 003 | CL-VaPUC | ||
| 005 | 20230629101345.0 | ||
| 008 | 920609e19620000US |||||||||||||||||eng|d | ||
| 999 | |c 211696 |d 211694 | ||
| 040 | |c Pontificia Universidad Católica de Valparaíso | ||
| 082 | 0 | 4 | |a 589.31 LEW 1962 |2 21 |
| 100 | |a Lewin, Ralph A |e author |9 374637 | ||
| 245 | 1 | 0 | |a Physiology and biochemistry of algae |
| 260 | |a New York, USA |b Academic Press |c 1962 | ||
| 300 | |a 929 páginas | ||
| 583 | |a last modification |c 19920609 00:00:00 |k Rodrigo Vera | ||
| 650 | 0 | |a Algas (algae) |9 261246 | |
| 650 | 7 | |a FISIOLOGIA |2 CL-VaPUC |9 299365 | |
| 942 | |c BK |2 ddc | ||
| 945 | |d 19920609 00:00:00 | ||
| 952 | |0 0 |1 0 |2 ddc |4 0 |6 589_310000000000000_LEW_1962 |7 0 |8 CCM |9 191554 |a BIBCUR |b BIBCUR |c PAC |d 2019-11-14 |i 2591006 |o 589.31 LEW 1962 |p 2591006 |r 2025-04-22 |t 2 |w 2019-11-14 |y BK |k CIM | ||